[Event "Muret Seniors op"]
[Site "Muret"]
[Date "2003.06.20"]
[Round "5"]
[White "Valiny, Gerard"]
[Black "Mary, Jean Francois"]
[Result "0-1"]
[WhiteElo "1210"]
[BlackElo "1310"]
[PlyCount "58"]
[EventDate "2003.06.16"]
[EventType "swiss"]
[EventRounds "7"]
[EventCountry "FRA"]
[SourceTitle "EXT 2004"]
[Source "ChessBase"]
[SourceDate "2003.11.25"]
[SourceVersion "1"]
[SourceVersionDate "2003.11.25"]
[SourceQuality "1"]

1. d4 d5 2. Bf4 e6 3. a3 Nf6 4. Nc3 Be7 5. Nb5 Bd6 6. Bxd6 cxd6 7. Qd2 Ne4 8. Qb4 a5 9. Qb3 0-0 10. f3 a4 11. Qe3 Qa5+ 12. Nc3 Nxc3 13. bxc3 b5 14. Rb1 Nc6 15. Rxb5 Qxb5 16. Qc1 Qa5 17. e3 Qxc3+ 18. Kd1 Ba6 19. Ne2 Bxe2+ 20. Bxe2 Rab8 21. Bd3 Rb2 22. Ke2 Rfb8 23. Qd2 Qxd2+ 24. Kxd2 Rb1 25. Rxb1 Rxb1 26. c3 Rb3 27. Bb5 Ne7 28. Bxa4 Rxa3 29. Bc6 Nxc6 0-1

[Event "Muret Seniors op"]
[Site "Muret"]
[Date "2003.06.16"]
[Round "1"]
[White "Delhom, Raoul"]
[Black "Valiny, Gerard"]
[Result "1-0"]
[WhiteElo "1820"]
[BlackElo "1210"]
[PlyCount "69"]
[EventDate "2003.06.16"]
[EventType "swiss"]
[EventRounds "7"]
[EventCountry "FRA"]
[SourceTitle "EXT 2004"]
[Source "ChessBase"]
[SourceDate "2003.11.25"]
[SourceVersion "1"]
[SourceVersionDate "2003.11.25"]
[SourceQuality "1"]

1. Nf3 d5 2. g3 Be6 3. Bg2 Qd7 4. 0-0 Bh3 5. d3 Bxg2 6. Kxg2 Nc6 7. Nbd2 h6 8. e4 e6 9. c3 g5 10. b4 Be7 11. b5 g4 12. bxc6 Qxc6 13. Ne1 h5 14. Bb2 Bf6 15. Rc1 0-0-0 16. f4 Nh6 17. Kg1 Qb6+ 18. d4 Qxb2 19. e5 Be7 20. Rc2 Qa3 21. Qb1 Nf5 22. Ng2 h4 23. gxh4 Nxh4 24. Qd1 Rdg8 25. Nxh4 Rxh4 26. Qe1 Rh3 27. Kg2 Bh4 28. Qd1 Rxc3 29. Nb3 Rxc2+ 30. Qxc2 Qa4 31. f5 f6 32. fxe6 Rg7 33. exf6 Qe8 34. fxg7 Qxe6 35. Qf5 1-0